000 00758nam a2200289Ia 4500
005 20260324122621.0
008 008 260324s9999 xx 000 0 eng d
020 _a9780203585160
037 _aEBOOK
040 _aCRL
040 _beng
040 _cCRL
041 _2eng
041 _aeng
084 _qCRL
100 _aL. T. Hobhouse; G. C. Wheeler; M Ginsberg
_91167148
245 4 _aThe Material Culture and Social Institutions of the Simpler Peoples (Routledge Revivals)
245 3 _bAn Essay in Correlation
260 _bTaylor and Francis
260 _c2013
365 _a
365 _b240
856 _uhttp://www.taylorfrancis.com/books/9780203585160
942 _cEBOOK
999 _c1760028
_d1760028